Alternatívne zdroje financovania slovenských podnikov bakalárska práca

Gespeichert in:
Bibliographische Detailangaben
1. Verfasser: Oravec, Bruno
Körperschaft: Fakulta podnikového manažmentu EU. Katedra podnikových financií
Weitere Verfasser: Polečová, Petra
Format: Buch
Sprache:Slowakisch
Veröffentlicht: Bratislava 2020
Tags: Tag hinzufügen
Keine Tags, Fügen Sie das erste Tag hinzu!

MARC

LEADER 00000nbm a2200000 4500
001 0265937
005 20201123111335.4
041 0 |a slo 
044 |a SK 
245 1 0 |a Alternatívne zdroje financovania slovenských podnikov  |b bakalárska práca  |c Bruno Oravec ; školiteľ: Petra Polečová 
264 1 |a Bratislava  |c 2020 
300 |a 53 s. 
100 1 |a Oravec, Bruno 
700 1 |a Polečová, Petra 
710 2 |a Fakulta podnikového manažmentu EU. Katedra podnikových financií